Laxton`s building price book 1990 (Record no. 94789)

MARC details
000 -LEADER
fixed length control field 00634cam a2200229 4500
008 - FIXED-LENGTH DATA ELEMENTS--GENERAL INFORMATION
fixed length control field 090401t1989 xxu||||| |||| 00| 0 eng d
020 ## - INTERNATIONAL STANDARD BOOK NUMBER
International Standard Book Number 0611007479
035 ## - SYSTEM CONTROL NUMBER
System control number (Sirsi) u65820
041 ## - LANGUAGE CODE
Language code of text/sound track or separate title eng
050 ## - LIBRARY OF CONGRESS CALL NUMBER
Classification number 692.5
245 ## - TITLE STATEMENT
Title Laxton`s building price book 1990
250 ## - EDITION STATEMENT
Edition statement 162nd ed.
260 ## - PUBLICATION, DISTRIBUTION, ETC.
Place of publication, distribution, etc. East Grinstead,West Sussex
Name of publisher, distributor, etc. Reed Information Services Ltd
Date of publication, distribution, etc. 1989
300 ## - PHYSICAL DESCRIPTION
Extent 2v. ; 30cm.
350 ## - PRICE (NR) (BK AM CF MU VM SE) [OBSOLETE]
Price 3
650 ## - SUBJECT ADDED ENTRY--TOPICAL TERM
Topical term or geographic name entry element BUILT ENVIRONMENT-BUILDING COSTS
650 ## - SUBJECT ADDED ENTRY--TOPICAL TERM
Topical term or geographic name entry element JOHNSON V B AND PARTNERS
650 ## - SUBJECT ADDED ENTRY--TOPICAL TERM
Topical term or geographic name entry element BUILDING PRICE BOOKS
700 ## - ADDED ENTRY--PERSONAL NAME
Personal name V.B.Johnson and Partners.,
International Standard Serial Number Editor
942 ## - ADDED ENTRY ELEMENTS (KOHA)
Suppress in OPAC 0
948 ## - LOCAL PROCESSING INFORMATION (OCLC); SERIES PART DESIGNATOR (RLIN)
c (OCLC) 04/03/1997
Holdings
Withdrawn status Lost status Source of classification or shelving scheme Damaged status Not for loan Home library Current library Shelving location Date acquired Cost, normal purchase price Total Checkouts Full call number Barcode Date last seen Date last checked out Copy number Cost, replacement price Price effective from Koha item type
    Other/Generic Classification Scheme     London London Basement 16/08/1993 3.00 1 BASEMENT 30034455 06/08/2019 15/09/1999 1 3.00 06/08/2019 Book
    Other/Generic Classification Scheme     London London Basement 16/08/1993 3.00   BASEMENT 30034459 06/08/2019   2 3.00 06/08/2019 Book